00713nam a2200205 a 4500001000900000005001700009008004100026041000800067044000600075050002200081100002400103245010400127260005800231300006300289500001100352504002900363650002300392650006800415700002400483BRL_151920190320211238.0130214s1973----u--ao#####---#000-0#eng-# aeng au 4aE99.N3b.M39 19731 aMaxwell, Gilbert S.10aNavajo rugsbpresent, past & futurecGilbert S. Maxwell ; in collaboration with Eugene L. Conrotto. aPalm Desert, CaliforniabBest-West Publicationsc1973 a72 p.bil., fotografías (algunas a color), mapasc22 cm. aAu1658 aBibliografía: p. 69-7214aNavajosxAlfombras14aIndígenas de América del NortexIndustria textil indígena1 aConrotto, Eugene L.